| 000 | 00413nam a2200181Ia 4500 | ||
|---|---|---|---|
| 008 | 170705s9999 xx 000 0 und d | ||
| 020 | _a9780060835552 | ||
| 245 | _aJust a little sick / | ||
| 245 | _cMercer Mayer. | ||
| 260 | _aNew York : | ||
| 260 | _bHarper, | ||
| 260 | _c2010 | ||
| 300 | _a32 pages : | ||
| 300 | _bcolor illustration ; | ||
| 300 | _c23cm. | ||
| 440 | _aI can read! | ||
| 500 | _a290 | ||
| 999 |
_c336891 _d336891 |
||